Online
Catalog

Composición social dominicana : (Record no. 37300)

MARC details
000 -CABECERA
campo de control de longitud fija 02309nam a2200289 a 4500
001 - NÚMERO DE CONTROL
campo de control 000037810
003 - IDENTIFICADOR DEL NÚMERO DE CONTROL
campo de control OSt
005 - FECHA Y HORA DE LA ÚLTIMA TRANSACCIÓN
campo de control 20260321073642.0
008 - DATOS DE LONGITUD FIJA--INFORMACIÓN GENERAL
campo de control de longitud fija 130306s1991 dr a 000 0 spa d
040 ## - FUENTE DE LA CATALOGACIÓN
Centro catalogador/agencia de origen DO-SdBNP
Lengua de catalogación spa
Centro/agencia transcriptor BNPHU
082 ## - NÚMERO DE LA CLASIFICACIÓN DECIMAL DEWEY
Número de clasificación 305.57293
Número de documento/Ítem B742c, 1991
100 1# - ENTRADA PRINCIPAL--NOMBRE DE PERSONA
Nombre de persona Bosch, Juan,
Fechas asociadas al nombre 1909-2001
9 (RLIN) 76555
245 10 - MENCIÓN DE TÍTULO
Título Composición social dominicana :
Resto del título historia e interpretación /
Mención de responsabilidad, etc. Juan Bosch.
250 ## - MENCIÓN DE EDICIÓN
Mención de edición 17a ed.
260 ## - PUBLICACIÓN, DISTRIBUCIÓN, ETC.
Lugar de publicación, distribución, etc. Santo Domingo :
Nombre del editor, distribuidor, etc. Alfa y Omega ,
Fecha de publicación, distribución, etc. 1991.
300 ## - DESCRIPCIÓN FÍSICA
Extensión 418 p. :
Otras características físicas il. ; mapas; retrs. ;
Dimensiones 24 cm.
500 ## - NOTA GENERAL
Nota general Incluye referencias bibliográficas y notas al pie de las páginas
505 0# - NOTA DE CONTENIDO CON FORMATO
Nota de contenido con formato Un preámbulo necesario --
-- Origen de las clases sociales en Santo Domingo --
-- Aparición y declinación de una oligarquía del azúcar --
-- De los ingenios a los hatos --
-- El desarrollo de la sociedad hatera --
-- La curiosa sociedad de los bucaneros --
-- La colonia francesa de Saint-Domingue --
-- El siglo de la miseria --
-- De la inamovilidad del siglo XVII al dinamismo del siglo XVIII --
-- Medio siglo de relativo desarrollo --
-- Santo Domingo en el panorama del Caribe --
-- La revolución haitiana --
-- El caso de las emigraciones --
-- El gobierno de los hateros y la sociedad de los cosecheros de tabaco --
-- Las causas de la invasión haitiana en 1822 --
-- La pequeña burguesía en la historia dominicana --
-- La pequeña burguesía contra el poder de los hateros --
-- 1857-1861. Luchas en el seno de la pequeña burguesía --
-- La restauración, obra de la pequeña burguesía --
-- El largo reinado de la pequeña burguesía en la vida política nacional --
505 0# - NOTA DE CONTENIDO CON FORMATO
Nota de contenido con formato La composición social y los partidos políticos de la época --
-- El gobierno de los azules o el camino hacia la sociedad burguesa --
-- De la muerte de Heureaux a la muerte de Cáceres --
-- El imperialismo en acción --
-- La composición social hasta 1930 --
-- Trujillo, o el paso de la pequeña burguesía a la burguesía --
-- La composición social a la muerte de Trujillo.
590 ## - NOTA LOCAL (RLIN)
Nota local Inventariado, 2018/BT
650 #4 - PUNTO DE ACCESO ADICIONAL DE MATERIA--TÉRMINO DE MATERIA
Término de materia o nombre geográfico como elemento de entrada Clases sociales
Subdivisión geográfica República Dominicana
Subdivisión general Historia
9 (RLIN) 413
650 #4 - PUNTO DE ACCESO ADICIONAL DE MATERIA--TÉRMINO DE MATERIA
Término de materia o nombre geográfico como elemento de entrada Sociología
Subdivisión general Historia
9 (RLIN) 414
651 #4 - PUNTO DE ACCESO ADICIONAL DE MATERIA--NOMBRE GEOGRÁFICO
Nombre geográfico República Dominicana
Subdivisión general Condiciones sociales
9 (RLIN) 46
651 #4 - PUNTO DE ACCESO ADICIONAL DE MATERIA--NOMBRE GEOGRÁFICO
Nombre geográfico República Dominicana
Subdivisión general Historia
9 (RLIN) 170
910 ## - DATOS DE OPCIÓN DEL USUARIO (OCLC)
Datos de opción del usuario Validado. Control de calidad. MFF
942 ## - ELEMENTOS DE PUNTO DE ACCESO ADICIONAL (KOHA)
Fuente del sistema de clasificación o colocación Dewey Decimal Classification
Tipo de ítem Koha Libro
Holdings
Estado de retiro Estado de pérdida No para préstamo Código de colección Localización permanente Ubicación/localización actual Ubicación en estantería Fecha de adquisición Número de inventario Total de préstamos Signatura topográfica completa Código de barras Fecha visto por última vez Precio válido a partir de Tipo de ítem Koha
    Excluido de préstamo Patrimonio Dominicano Patrimonio Dominicano Patrimonio Dominicano Depósito 06.03.2013 LF1   305.57293 B742c, 1991 37810-10 25.06.2020 25.06.2020 Libro y Folleto Colección Patrimonio Dominicano

Powered by Koha